| 000 | 00681nam a22002417a 4500 | ||
|---|---|---|---|
| 005 | 20170124110020.0 | ||
| 010 | _aA-284106 | ||
| 020 | _c250.00 | ||
| 035 | _aA-284106 | ||
| 037 | _bCen Lib/Ret | ||
| 040 |
_aDPL _bEN |
||
| 082 |
_a332.7 _bMAT |
||
| 100 |
_aMata Din _919563 |
||
| 245 |
_aCommentary on the provincial insolvency act 1920 / _cby Mata Din |
||
| 260 |
_aDelhi _bKamlesh publications |
||
| 270 |
_aA/23,B MIG Ashok Vihar Phase-III _bDelhi _e110052 |
||
| 300 |
_axix,376 _c23cm(Hb) |
||
| 500 | _aIncludes index | ||
| 650 |
_a Provincial Insolvency _919564 |
||
| 650 |
_aBankruptcy _919565 |
||
| 700 | _97313 | ||
| 942 |
_2ddc _cEN _h332.7 _mMAT |
||
| 999 |
_c127150 _d127150 |
||